[Event "AUTO-OPEN-4640"]
[Site "http://www.queenalice.com/game.php?id=1869625"]
[Date "2026.2.22"]
[Round "1"]
[White "josebaron"]
[Black "cerenzo72"]
[Result "1-0"]
[WhiteElo "2177"]
[BlackElo "2195"]

1. e4 e5 2. Nf3 d6 3. Bc4 Be7 4. O-O Nf6 5. Nc3 Bg4 6. h3 Bh5 7. g4 Bg6 8. d3
Nc6 9. Nh4 Qd7 10. f4 exf4 11. Bxf4 Nxe4 12. Nxg6 Nxc3 13. Bxf7+ Kxf7 14. Nxh8+
Kg8 15. bxc3 Kxh8 16. d4 g6 17. d5 Na5 18. Qd4+ Kg8 19. Bh6 Bh4 20. Rf3 c5 21.
dxc6 Nxc6 22. Qd5+ Kh8 23. Raf1 Be7 24. Rf7 Rg8 25. Bg7+ Rxg7 26. Rf8+ 1-0

[Event "AUTO-OPEN-4640"]
[Site "http://www.queenalice.com/game.php?id=1869626"]
[Date "2026.2.22"]
[Round "1"]
[White "cerenzo72"]
[Black "josebaron"]
[Result "1/2-1/2"]
[WhiteElo "2146"]
[BlackElo "2171"]

1. c4 e5 2. g3 Nf6 3. Bg2 Bc5 4. e3 O-O 5. Nc3 c6 6. Nge2 d6 7. d4 exd4 8. exd4
Bb4 9. Bd2 Bxc3 10. Bxc3 Re8 11. O-O d5 12. cxd5 cxd5 13. Nf4 Nc6 14. Qb3 Ne7
15. Bb4 Nc6 16. Bc3 Ne7 17. Rfe1 h6 18. Re2 Ne4 19. Bxe4 dxe4 20. Rxe4 Nc6 21.
Rxe8+ Qxe8 22. Re1 Qd8 23. d5 Ne7 24. Nh5 Qxd5 25. Qxd5 Nxd5 26. Re8+ Kh7 27.
Bxg7 Kg6 28. Re5 Be6 29. f4 Ne7 30. Bf6 Ng8 31. Bh8 Rc8 32. f5+ Bxf5 33. Nf4+
Kg5 34. Ng2 Rc1+ 1/2-1/2

[Event "AUTO-OPEN-4640"]
[Site "http://www.queenalice.com/game.php?id=1869649"]
[Date "2026.2.22"]
[Round "1"]
[White "ALDROB"]
[Black "cerenzo72"]
[Result "1-0"]
[WhiteElo "1747"]
[BlackElo "2132"]

1. e4 e5 2. Nf3 d6 3. d4 exd4 4. Nxd4 Nf6 5. Nc3 Be7 6. f4 b6 7. Be2 Bb7 8. Bf3
Nbd7 9. O-O O-O 10. g4 Nc5 11. Re1 Qd7 12. g5 Ne8 13. Re2 f6 14. Rg2 fxg5 15. f5
Bf6 16. Bxg5 Be5 17. Kh1 Nf6 18. Qg1 Nfxe4 19. Bh6 Bxd4 20. Qxd4 Rf7 21. Rag1
Nf6 22. Bxb7 Nxb7 23. Nd5 Ne8 24. f6 g6 25. Rxg6+ hxg6 26. Rxg6+ Kh7 27. Qe4 Kh8
28. Qh4 Rh7 29. Ne7 Qe6 30. Rg8+ Qxg8 31. Nxg8 Kxg8 32. Qg5+ Kh8 33. Qg6 Rxh6
34. Qxh6+ Kg8 35. Qg6+ Kf8 36. h4 Nd8 37. h5 Nf7 38. Qe4 Rd8 39. Qg6 Rd7 40. Qf5
Rd8 41. c4 c6 42. Qe6 d5 43. h6 Kg8 44. h7+ Kxh7 45. Qxf7+ Kh6 46. Qe7 1-0

[Event "AUTO-OPEN-4640"]
[Site "http://www.queenalice.com/game.php?id=1869650"]
[Date "2026.2.22"]
[Round "1"]
[White "cerenzo72"]
[Black "ALDROB"]
[Result "1-0"]
[WhiteElo "2173"]
[BlackElo "1751"]

1. c4 Nf6 2. d4 g6 3. Nf3 Bg7 4. Nc3 O-O 5. e4 d6 6. Be2 Nc6 7. Bg5 e5 8. O-O h6
9. Bh4 g5 10. Bg3 Nh5 11. d5 Ne7 12. h4 Nxg3 13. fxg3 g4 14. Nh2 f5 15. exf5
Bxf5 16. Nxg4 Qd7 17. Ne3 a6 18. g4 Bh7 19. g5 Rxf1+ 20. Qxf1 Rf8 21. Qd1 Ng6
22. Bg4 Qe7 23. Nf5 Qf7 24. Nxh6+ Bxh6 25. Be6 Bg7 26. Bxf7+ Rxf7 27. h5 1-0

[Event "AUTO-OPEN-4640"]
[Site "http://www.queenalice.com/game.php?id=1869664"]
[Date "2026.2.22"]
[Round "1"]
[White "cerenzo72"]
[Black "BeatifulDevil56"]
[Result "0-1"]
[WhiteElo "2185"]
[BlackElo "2212"]

1. c4 c5 2. Nc3 f5 3. e4 d6 4. d4 cxd4 5. Qxd4 Nc6 6. Qe3 Qa5 7. Bd2 Qe5 8. Nf3
Qc5 9. Qxc5 dxc5 10. exf5 Bxf5 11. Nd5 O-O-O 12. Ng5 Nh6 13. Rd1 e6 14. Nf4 Bd6
15. Be2 Bxf4 16. Bxf4 e5 17. Be3 Nd4 18. Bxd4 Rxd4 19. Ne6 Bxe6 20. O-O Rhd8 0-1

[Event "AUTO-MASTER-3286"]
[Site "http://www.queenalice.com/game.php?id=1869721"]
[Date "2026.2.24"]
[Round "2"]
[White "rmvwoods"]
[Black "cerenzo72"]
[Result "1-0"]
[WhiteElo "2033"]
[BlackElo "2147"]

1. e4 e5 2. Nf3 d6 3. Bc4 Be7 4. c3 Nf6 5. d3 Bg4 6. h3 Bh5 7. Be3 Nbd7 8. Nbd2
O-O 9. Qb3 b6 10. g4 Bg6 11. O-O-O c6 12. d4 b5 13. Bd3 d5 14. Nxe5 Nxe5 15.
dxe5 Ne8 16. Nf3 dxe4 17. Bxe4 Qc7 18. Bxg6 hxg6 19. e6 Nd6 20. exf7+ Nxf7 21.
h4 a5 22. h5 a4 23. Qc2 b4 24. cxb4 Bxb4 25. h6 Ne5 26. Ng5 Qe7 27. hxg7 Qxg7
28. Ne6 Qf7 29. Nxf8 Rxf8 30. Rh6 Qxa2 31. Bd4 Qa1+ 32. Qb1 Qxb1+ 33. Kxb1 Kg7
34. Rdh1 Bd6 35. Rh7+ Kf6 36. f4 c5 37. Bc3 1-0

[Event "AUTO-MASTER-3286"]
[Site "http://www.queenalice.com/game.php?id=1869722"]
[Date "2026.2.24"]
[Round "2"]
[White "cerenzo72"]
[Black "rmvwoods"]
[Result "1-0"]
[WhiteElo "2163"]
[BlackElo "2014"]

1. c4 e5 2. Nc3 Nf6 3. g3 d5 4. cxd5 Nxd5 5. Bg2 Nxc3 6. bxc3 Bd6 7. d4 Nd7 8.
Nf3 O-O 9. O-O e4 10. Ng5 Nf6 11. Nxe4 Re8 12. Bg5 Be7 13. Nxf6+ Bxf6 14. Bxf6
Qxf6 15. e4 c6 16. Qb3 Rb8 17. d5 Bd7 18. c4 cxd5 19. cxd5 b6 20. f4 Qd4+ 21.
Kh1 Ba4 22. Qf3 f6 23. Rac1 Rbc8 24. Rxc8 Rxc8 25. e5 fxe5 26. fxe5 Qxe5 27.
Qf7+ Kh8 28. Qf8+ 1-0

[Event "AUTO-MASTER-3286"]
[Site "http://www.queenalice.com/game.php?id=1869727"]
[Date "2026.2.24"]
[Round "2"]
[White "chessman"]
[Black "cerenzo72"]
[Result "0-1"]
[WhiteElo "2056"]
[BlackElo "2161"]

1. e4 e5 2. Nf3 d6 3. d4 exd4 4. Nxd4 Be7 5. Be2 Nf6 6. Nc3 O-O 7. O-O c5 8. Nf3
Nc6 9. Re1 a6 10. Bg5 b5 11. Bf1 Bg4 12. a3 Qd7 13. h3 Bh5 14. g4 Bg6 15. e5
dxe5 16. Bxf6 Qxd1 17. Raxd1 Bxf6 18. Nd5 Bd8 19. Nxe5 Nxe5 20. Rxe5 Bxc2 21.
Rc1 Bb3 22. Rxc5 f6 23. Re1 Ba5 24. Re7 Rfd8 25. Bg2 Rac8 26. Rxc8 Rxc8 27. Rd7
Rc2 28. Ne3 Rxb2 29. Ra7 Be1 30. Nf5 Bxf2+ 31. Kh2 Bxa7 0-1

[Event "AUTO-MASTER-3286"]
[Site "http://www.queenalice.com/game.php?id=1869728"]
[Date "2026.2.24"]
[Round "2"]
[White "cerenzo72"]
[Black "chessman"]
[Result "1-0"]
[WhiteElo "2173"]
[BlackElo "2033"]

1. c4 c6 2. Nf3 d5 3. e3 e6 4. d4 Nf6 5. Nc3 Be7 6. Bd3 O-O 7. O-O Re8 8. Qc2
Nbd7 9. b3 Nf8 10. Bb2 a6 11. cxd5 exd5 12. e4 Nxe4 13. Nxe4 dxe4 14. Bxe4 h6
15. Rad1 Ne6 16. Qc3 Bf6 17. Ne5 Ng5 18. Bb1 Bxe5 19. dxe5 Qe7 20. Qc2 Ne6 21.
Qh7+ 1-0

[Event "AUTO-MASTER-3297"]
[Site "http://www.queenalice.com/game.php?id=1869754"]
[Date "2026.2.25"]
[Round "1"]
[White "Pipo712"]
[Black "cerenzo72"]
[Result "0-1"]
[WhiteElo "2079"]
[BlackElo "2184"]

1. e4 e5 2. Nf3 d6 3. d4 exd4 4. Nxd4 Nf6 5. Nc3 Be7 6. Be2 O-O 7. Bf4 b6 8. Qd2
Bb7 9. f3 Nbd7 10. Nf5 Re8 11. Nxe7+ Qxe7 12. g4 Rad8 13. O-O-O Nc5 14. Bg5 Ne6
15. Be3 d5 16. g5 Nxe4 17. fxe4 d4 18. Nd5 Bxd5 19. exd5 dxe3 20. Qxe3 Nxg5 21.
Qxe7 Rxe7 22. Bc4 Kf8 23. Bb5 Ne4 24. Rhf1 Nd6 25. Bc6 Nc4 26. Rde1 Ne3 27. Rf4
Nxd5 28. Rxe7 Nxe7 29. Ba4 c5 30. c3 Nd5 31. Rf3 Nf6 32. h4 h6 33. Bc2 Re8 34.
Rf5 Ng4 0-1

[Event "AUTO-MASTER-3297"]
[Site "http://www.queenalice.com/game.php?id=1869755"]
[Date "2026.2.25"]
[Round "1"]
[White "cerenzo72"]
[Black "Pipo712"]
[Result "1-0"]
[WhiteElo "2174"]
[BlackElo "2092"]

1. c4 Nf6 2. d4 e6 3. Nc3 Bb4 4. Nf3 d5 5. cxd5 exd5 6. Bg5 O-O 7. e3 c6 8. Be2
Nbd7 9. Ne5 Qa5 10. O-O Bxc3 11. bxc3 Qxc3 12. Nd3 Qa5 13. f3 Re8 14. Qb3 h6 15.
Bh4 Rxe3 16. Rfe1 Re8 17. f4 Ne4 18. Bf3 f5 19. Re2 Nb6 20. Bh5 Re6 21. Nc5 Nxc5
22. dxc5 Qxc5+ 23. Bf2 Qe7 24. Rxe6 Qxe6 25. Re1 Qf6 26. Qb4 Be6 27. Bd4 Qh4 28.
Rxe6 Qxh5 29. Re7 Qd1+ 30. Kf2 Qc2+ 31. Kg3 c5 32. Bxc5 Nc4 33. Qxb7 Qc3+ 34.
Kh4 Rf8 35. Qxd5+ 1-0

[Event "AUTO-OPEN-4641"]
[Site "http://www.queenalice.com/game.php?id=1869910"]
[Date "2026.2.27"]
[Round "1"]
[White "SGF"]
[Black "cerenzo72"]
[Result "0-1"]
[WhiteElo "1731"]
[BlackElo "2185"]

1. e4 e5 2. Qf3 Nf6 3. d3 c6 4. Be2 d5 5. Qg3 dxe4 6. dxe4 Qc7 7. Bd3 c5 8. Bb5+
Bd7 9. Bxd7+ Nbxd7 10. Bg5 Nxe4 11. Qe3 Nxg5 12. Qxg5 Qc6 13. Ne2 h6 14. Qg3 Qe4
15. Na3 Nf6 16. Qf3 Qb4+ 17. Qc3 Qe4 18. Nc4 Nd7 19. O-O-O O-O-O 20. b4 Qxe2 21.
bxc5 Bxc5 22. Rhe1 Qxf2 23. Rf1 Qxg2 24. Nd6+ Kb8 25. Nxf7 Rhf8 26. Nxd8 Rxf1
27. Ne6 Rxd1+ 28. Kxd1 Qg4+ 29. Kc1 Qxe6 30. Qa5 Bb6 31. Qd2 e4 32. Qf4+ Bc7 33.
Qe3 Qf5 34. Qb3 Qf1+ 35. Kb2 Be5+ 36. c3 Nc5 37. Qg8+ Kc7 38. Qd5 Qb5+ 39. Kc2
Qd3+ 40. Qxd3 exd3+ 41. Kd2 Bxh2 42. a3 g5 43. c4 g4 44. a4 g3 45. a5 g2 46. Ke3
g1=Q+ 47. Kf3 d2 48. Ke2 d1=Q# 0-1

[Event "AUTO-OPEN-4641"]
[Site "http://www.queenalice.com/game.php?id=1869911"]
[Date "2026.2.27"]
[Round "1"]
[White "cerenzo72"]
[Black "SGF"]
[Result "1-0"]
[WhiteElo "2143"]
[BlackElo "1718"]

1. c4 e5 2. Nc3 c6 3. d4 exd4 4. Qxd4 Qa5 5. Bd2 Bc5 6. Qxg7 Bd4 7. Qxd4 f6 8.
Ne4 Qb6 9. c5 Qc7 10. Nd6+ Ke7 11. Qe4+ Kf8 12. Qe8+ Kg7 13. Qf7# 1-0

[Event "AUTO-OPEN-4625"]
[Site "http://www.queenalice.com/game.php?id=1870044"]
[Date "2026.3.3"]
[Round "3"]
[White "cerenzo72"]
[Black "WoodpusherKid"]
[Result "0-1"]
[WhiteElo "2174"]
[BlackElo "2676"]

1. c4 e5 2. Nc3 Nf6 3. g3 Bb4 4. Bg2 O-O 5. Nf3 e4 6. Ng5 Bxc3 7. dxc3 Re8 8.
Qc2 Qe7 9. O-O a5 10. b4 h6 11. Nh3 d6 12. e3 Be6 13. Rd1 Bxc4 14. Nf4 Nc6 15.
a3 a4 16. Qd2 Ne5 17. Qd4 g5 18. Nh3 c5 19. Qxd6 Rad8 0-1

[Event "AUTO-OPEN-4625"]
[Site "http://www.queenalice.com/game.php?id=1870045"]
[Date "2026.3.3"]
[Round "3"]
[White "WoodpusherKid"]
[Black "cerenzo72"]
[Result "1-0"]
[WhiteElo "2677"]
[BlackElo "2174"]

1. e4 e5 2. Nf3 d6 3. d4 exd4 4. Nxd4 Nf6 5. Nc3 Be7 6. Bf4 Nbd7 7. Qd2 Nh5 8.
Be3 Ne5 9. O-O-O Ng4 10. Bb5+ Bd7 11. Bxd7+ Qxd7 12. Nf5 Nxe3 13. Qxe3 g6 14.
Nxe7 Qxe7 15. Nd5 Qd7 16. Qd4 O-O-O 17. Qxa7 Qe6 18. Qa8+ Kd7 19. Qxb7 Rc8 20.
Rhe1 Qe5 21. Nb6+ 1-0

[Event "AUTO-OPEN-4643"]
[Site "http://www.queenalice.com/game.php?id=1870514"]
[Date "2026.3.13"]
[Round "1"]
[White "cerenzo72"]
[Black "zubarev"]
[Result "1-0"]
[WhiteElo "2144"]
[BlackElo "1761"]

1. c4 e5 2. Nc3 Nf6 3. g3 Be7 4. Bg2 Nc6 5. e3 d6 6. Nge2 Bd7 7. O-O O-O 8. d4
exd4 9. exd4 Qc8 10. b4 Nxb4 11. Rb1 Nc6 12. Bb2 Bh3 13. Nf4 Bxg2 14. Kxg2 Re8
15. d5 Ne5 16. Nce2 Nxc4 17. Ba1 a5 18. Qd3 Ne5 19. Qc3 Ng6 20. h3 Bf8 21. h4
Ng4 22. Nxg6 hxg6 23. Nf4 c6 24. Qb2 Rb8 25. Rbc1 c5 26. Qc3 b6 27. h5 g5 28.
Nh3 f6 29. Rce1 Qd7 30. f4 Qb7 31. Qf3 Nh6 32. fxg5 fxg5 33. Nxg5 Be7 34. Nf7
Kh7 35. Qe4+ Kg8 36. Nxh6+ gxh6 37. Qg6# 1-0

[Event "AUTO-OPEN-4643"]
[Site "http://www.queenalice.com/game.php?id=1870515"]
[Date "2026.3.13"]
[Round "1"]
[White "zubarev"]
[Black "cerenzo72"]
[Result "0-1"]
[WhiteElo "1829"]
[BlackElo "2099"]

1. d4 Nf6 2. c4 d6 3. Nf3 g6 4. Nc3 Bg7 5. e3 O-O 6. Bd3 c6 7. O-O Nbd7 8. Re1
e5 9. d5 Qe7 10. e4 cxd5 11. cxd5 Nc5 12. Be3 Bg4 13. Bc2 Rac8 14. h3 Bd7 15.
Qd2 b5 16. a3 a5 17. b4 axb4 18. axb4 Nb7 19. Ra7 Rc7 20. Bb6 Rfc8 21. Bxc7 Rxc7
22. Qd3 Nh5 23. Nxb5 Nf4 24. Qf1 Rxc2 25. Rxb7 Qd8 26. Rc1 Ne2+ 27. Kh2 Nxc1 28.
Qd1 Rc4 29. Nxd6 Rc7 30. Rb6 Ra7 31. Rb7 Rxb7 32. Nxb7 Qc7 33. Na5 Qc3 34. Nc6
Bxc6 35. dxc6 Qxc6 36. b5 Qc5 37. b6 Bf8 38. Qd7 Qxb6 39. Ng5 Qxf2 40. Nf3 Ne2
41. Qg4 Bh6 42. Ng5 Qg1# 0-1